000 00921nam a22002657a 4500
001 8722
003 FISKH
005 20251014085930.0
008 251014b cb ||||| |||| 00| 0 eng d
020 _a9780194235006
040 _aFISKH
_beng
_cFISKH
_dFISKH
050 _a PE1126.A4 F57
082 _a428.6
100 _aFord, Martyn Alexander
_eAuthor
245 _aFive short plays /
_cMartyn Ford
260 _aNew York :
_bOxford University ,
_c2004
300 _a56 pages :
_billustrations ;
_c20 cm
505 _aNP
520 _aThe world we live in is full of many strange and amusing problems. They make life interesting, and sometimes very funny. These five short plays show people trying to decide what to do in unexpected or difficult situations.
650 _aDrama
_vElementary
650 _aShort stories
_vPlays
700 _aDavis, Rob
_eIllustrator
942 _2ddc
_cBK
_n0
999 _c8722
_d8722